000 00545nam a2200205Ia 4500
005 20250508164033.0
008 008 250505s9999 xx 000 0 eng d
020 _a0-415-14189-3
037 _aTextual
040 _aFEDL
_beng
_cFEDL
041 _aeng
_2eng
084 _a323.4, MIL
_qFEDL
100 _aRiley Jonathan
245 0 _aMill on liberty
260 _aLondon, UK
_bRoutledge
_c1998
300 _axiii,241p
490 _aRoutledge philosophy guidebook
942 _cTEXL
_h323.4, MIL
999 _c1386709
_d1386709